| 000 | 00421nam a22001697a 4500 | ||
|---|---|---|---|
| 999 |
_c524471 _d524471 |
||
| 003 | NUST | ||
| 038 | _aseecs | ||
| 082 |
_a546 _bAFA |
||
| 100 |
_aAfaqi, Sabar _915288 |
||
| 245 |
_aAks-e-Kshmir / _cSabar Afaqi |
||
| 260 |
_aLahore : _bWatan-e-Aziz Printers _c1991. |
||
| 300 | _a186. | ||
| 500 | _aHardcover. | ||
| 880 |
_6100-01\r _a صابرآفاقی |
||
| 880 |
_6245-02\r _a عکس کشمیر / |
||
| 942 |
_2ddc _cBK |
||